Practical extraction of rubberwood (Record no. 48143)
[ view plain ]
| 000 -LEADER | |
|---|---|
| fixed length control field | 00859nam a2200157Ia 4500 |
| 100 ## - MAIN ENTRY--AUTHOR NAME | |
| Personal name | Griffin M J |
| 245 #0 - TITLE STATEMENT | |
| Title | Practical extraction of rubberwood |
| 260 ## - PUBLICATION, DISTRIBUTION, ETC. (IMPRINT) | |
| Name of publisher | Proceedings of the Rubberwood Utilizaiton Seminar, Kuala Lumpur, Malaysia, 1982; p60-70 |
| Year of publication | 1982 |
| 520 ## - SUMMARY, ETC. | |
| Summary, etc | The practical implications and methods of the extraction of Rubberwood are discussed. An extraction system using a combination of crawler tractor, chainsaw, bulldozer/winch skidding etc. is suggested. Other suggestions like the use of portable sawmills, a uniform rate of royalty assessment and the rapid processing of fell trees are deemed desirable for maximizing the utilization of the wood. |
| 650 ## - SUBJECT ADDED ENTRY--TOPICAL TERM | |
| Topical Term | Rubberwood |
| 650 ## - SUBJECT ADDED ENTRY--TOPICAL TERM | |
| Topical Term | Rubberwood extraction |
| 650 ## - SUBJECT ADDED ENTRY--TOPICAL TERM | |
| Topical Term | Rubberwood processing |
| 700 ## - ADDED ENTRY--PERSONAL NAME | |
| Personal name | Heimburger P |
| 942 ## - ADDED ENTRY ELEMENTS (KOHA) | |
| Koha item type | Bibliography RLWO |
| Withdrawn status | Lost status | Damaged status | Not for loan | Home library | Current library | Date acquired | Koha item type |
|---|---|---|---|---|---|---|---|
| Bibliography | RRII Library | RRII Library | 31/12/2021 | Bibliography RLWO |